[Петстотин и едно] 501 занимания за деца без телевизия (Запис номер 105491)
[ съкратено ]
| 000 -Лидер | |
|---|---|
| Контролно поле с фиксирана дължина | 01682nam a2200409 c 4500 |
| 003 - Код на организацията, давaща контролен номер | |
| Контролно поле | BLK |
| 005 - Дата и час на последна редакция | |
| Контролно поле | 20231114102742.0 |
| 008 - Елементи от данни с фиксирана дължина | |
| fixed length control field | 180409b bul|||||r ||||||| ||bul|| |
| 010 ## - Наследен системен номер | |
| LC control number | KNG00110714000 |
| 020 ## - Международен стандартен номер на книга ISBN | |
| Международен стандартен номер на книга ISBN | 954-01-1383-4 |
| 020 ## - Международен стандартен номер на книга ISBN | |
| Международен стандартен номер на книга ISBN | 9789540112831 |
| 040 ## - Източник на каталожния запис | |
| Идентификатор на билиотеката - собственик на записа | BLK |
| 041 ## - Код за език | |
| Код за езика на текст/звукозапис или на отделно заглавие | Български |
| Код за езика КДБФ | Български |
| 080 ## - УДК | |
| Текстов определител УДК | Подвижни игри (сляпа баба, криеница и др.). Вж и 796.1 |
| УДК код - определител по УДК | 793.4 |
| УДК определител | (035) |
| УДК - код + определител | 793.4(035) |
| 080 ## - УДК | |
| Текстов определител УДК | Игри на маса. Умствени игри |
| УДК код - определител по УДК | 794 |
| УДК определител | (035) |
| УДК - код + определител | 794(035) |
| 100 1# - Редна дума - Автор | |
| Автор | Ходжис, Дай |
| Авторска отговорност | първи автор |
| R(LIN) | 310294 |
| 139 ## - Редно поле | |
| Редна дума | Ходжис, Дай |
| 245 10 - Сведения за заглавието | |
| Заглавие | [Петстотин и едно] 501 занимания за деца без телевизия |
| Редно поле (дума) | Дай Ходжис; прев. Мая Калоферова. |
| 257 ## - Страна на издаване | |
| Страна на създаване/издаване | Австралия |
| 260 ## - Област на издателските данни | |
| Име на издателя, разпространителя и проч. | Просвета |
| Година на издаване | 2002 |
| Печатница | Пловдив : Нова Тимкомпакт |
| 300 ## - Физическа характеристика | |
| Страници | 502 с. |
| Илюстрации и др. | с ил. |
| Размери/Мащаб | 24 см |
| 380 ## - Жанр | |
| Жанр | Обществени науки |
| 500 ## - Общи забележки | |
| Забележка | Кор. загл. 501 занимания за деца ; Ориг. загл. 501 Activities for Kids TV-free / Di Hodges. - Офс. изд. - Съдържа и За авторката. |
| 650 #4 - Допълнително описание по предмет – тема | |
| Основно описание – тема или топоним | Детски игри - наръчници и ръководства |
| 9 (RLIN) | 276609 |
| 650 #4 - Допълнително описание по предмет – тема | |
| Основно описание – тема или топоним | Подвижни игри |
| 9 (RLIN) | 270737 |
| 653 ## - Ключова дума – ненормативна | |
| Ключова дума | игри |
| 653 ## - Ключова дума – ненормативна | |
| Ключова дума | наръчници |
| 653 ## - Ключова дума – ненормативна | |
| Ключова дума | ръководства |
| 700 1# - Други автори (авторска отговорност) | |
| Лично име | Калоферова, Мая |
| Автороска отговорност (Описва отношението между автора и произведението) | прев. |
| 9 (RLIN) | 364126 |
| 852 ## - Местоположение | |
| Форматна сигнатура | Цб 217809 |
| 856 4# - Електронен адрес и достъп | |
| Електронен формат | pdf - файл |
| 856 4# - Електронен адрес и достъп | |
| Електронен формат | pdf - файл |
| 999 ## - СИСТЕМНИ КОНТРОЛНИ НОМЕРА | |
| Koha biblionumber | 105491 |
| Koha biblioitemnumber | 105491 |
| 942 ## - АРТИКУЛИ | |
| Вид на библиотечния материал | Книги |
| Скрит в OPAC | Не |
| Периодичен библиозапис | Да |
| Koha issues (borrowed), all copies | 11 |
| 944 ## - СЪЗДАВАНЕ И РЕДАКЦИЯ на ЗАПИСА | |
| Създаване/Редакция | Създаване |
| Дата на регистрацията/редакция | 02.02.2004 |
| Служител, извършил регистрацията/редакцията | 30532 |
| Статус, дата на статуса | Мира Стойчева |
| 944 ## - СЪЗДАВАНЕ И РЕДАКЦИЯ на ЗАПИСА | |
| Създаване/Редакция | Редакция |
| Дата на регистрацията/редакция | 27.12.2007 |
| 999 ## - СИСТЕМНИ КОНТРОЛНИ НОМЕРА | |
| Koha biblioitemnumber | 105491 |
| Код за отписване | Код за изгубен артикул | Код за повреда | Коз за рестрикции | Код за отдаване | Артикулен № | Име на библиотеката - собственик | Име на библиотеката, в която се намира в момента | Статус (Текущо местоположение) | Дата на вписване в системата | Местоположение - отдел | Цена в лева | Инвентарен номер | Систематично азбучна сигнатура | Баркод | Номер на екземпляра | Цена в евро | Служебна бележка | Служебен тип на артикула | Източник на класификационната схема |
|---|---|---|---|---|---|---|---|---|---|---|---|---|---|---|---|---|---|---|---|
| Не е изгубен | Не е повреден | без рестрикции | ползва се в читалня | 170361 | Регионална библиотека "Любен Каравелов" Русе | Регионална библиотека "Любен Каравелов" Русе | Хранилище | 2004-02-05 | Хранилище | 12.00 | 120000682423 | Цб 217809 | 120000682423 | 1 | 6.14 | Дост: Dp Вид: Д N: 9 Дата: 12.02.2003 | Книги | ||
| Не е изгубен | Не е повреден | без рестрикции | заемане за дома | 170362 | Регионална библиотека "Любен Каравелов" Русе | Регионална библиотека "Любен Каравелов" Русе | Детски отдел | 2007-12-19 | Детски отдел | 15.00 | 120000721170 | ДН 79/Х 58 | 120000721170 | 2 | 7.67 | Дост: Pk Вид: Ф N: 12876 Дата: 14.12.2007 Дата инв: 25.08.2015 Бележки инв: Д2015 | Книги | ||
| Не е изгубен | Не е повреден | без рестрикции | заемане за дома | 750023 | Регионална библиотека "Любен Каравелов" Русе | Регионална библиотека "Любен Каравелов" Русе | Детски отдел | 2019-12-02 | Детски отдел | 18.70 | ДН 79/Х 58 | 120000838262 | 9.56 | Книги | Universal Decimal Classification | ||||
| Не е изгубен | Не е повреден | без рестрикции | заемане за дома | 750024 | Регионална библиотека "Любен Каравелов" Русе | Регионална библиотека "Любен Каравелов" Русе | Детски отдел | 2019-12-02 | Детски отдел | 18.70 | ДН 79/Х 58 | 120000838263 | 9.56 | Книги | Universal Decimal Classification |